000 00436nam a2200193Ia 4500
005 20250425161355.0
008 250425s9999 xx 000 0 und d
020 _a0080311318
041 _aeng
082 _a620.112
100 _aHEARN, E .J.
245 0 _aMECHANICS OF MATERIALS
250 _a2ND ED.
260 _aEXETER
260 _aReino Unido
_bPERGAMON PRESS
_c1985
300 _a429
942 _c01
010 _a18857
999 _c207951
_d207951